Формирование новой фазы в водной среде, содержащей гуминовые вещества, ионы кремния и железа; Проблемы метрологии нанопорошков и наноматериалов

Bibliographic Details
Parent link:Проблемы метрологии нанопорошков и наноматериалов.— 2015.— [С. 22-24]
Main Author: Мачехина К. И. Ксения Игоревна
Corporate Authors: Национальный исследовательский Томский политехнический университет (ТПУ) Институт физики высоких технологий (ИФВТ) Кафедра общей химии и химической технологии (ОХХТ), Национальный исследовательский Томский политехнический университет (ТПУ) Центр управления научно-исследовательским оборудованием (ЦУНИО)
Other Authors: Войно Д. А., Костикова Л. А. Лариса Анатольевна
Summary:Заглавие с титульного экрана
Language:Russian
Published: 2015
Subjects:
Online Access:http://earchive.tpu.ru/handle/11683/23188
http://www.lib.tpu.ru/fulltext/c/2015/C113/009.pdf
Format: MixedMaterials Electronic Book Chapter
KOHA link:https://koha.lib.tpu.ru/cgi-bin/koha/opac-detail.pl?biblionumber=617200

MARC

LEADER 00000naa2a2200000 4500
001 617200
005 20240109141539.0
035 |a (RuTPU)RU\TPU\conf\15504 
035 |a RU\TPU\conf\15503 
090 |a 617200 
100 |a 20160218d2015 k y0rusy50 ca 
101 0 |a rus 
102 |a RU 
105 |a y z 101zy 
135 |a drgn ---uucaa 
181 0 |a i  
182 0 |a b 
200 1 |a Формирование новой фазы в водной среде, содержащей гуминовые вещества, ионы кремния и железа  |f К. И. Мачехина, Д. А. Войно, Л. А. Костикова 
203 |a Текст  |c электронный 
300 |a Заглавие с титульного экрана 
320 |a [Библиогр.: с. 24 (3 назв.)] 
337 |a Adobe Reader 
463 0 |0 (RuTPU)RU\TPU\conf\15373  |t Проблемы метрологии нанопорошков и наноматериалов  |o сборник тезисов докладов Всероссийского научно-практического семинара с международным участием, 23-26 сентября 2015 г., Томск  |f Национальный исследовательский Томский политехнический университет (ТПУ)  |v [С. 22-24]  |d 2015 
610 1 |a труды учёных ТПУ 
610 1 |a электронный ресурс 
610 1 |a водные среды 
610 1 |a гуминовые вещества 
610 1 |a ионы кремния 
610 1 |a ионы железа 
610 1 |a коллоидные растворы 
700 1 |a Мачехина  |b К. И.  |c химик-технолог  |c инженер, доцент Томского политехнического университета, кандидат технических наук  |f 1987-  |g Ксения Игоревна  |3 (RuTPU)RU\TPU\pers\28100  |9 13058 
701 1 |a Войно  |b Д. А. 
701 1 |a Костикова  |b Л. А.  |c химик-технолог  |c инженер Томского политехнического университета  |f 1974-  |g Лариса Анатольевна  |3 (RuTPU)RU\TPU\pers\36114 
712 0 2 |a Национальный исследовательский Томский политехнический университет (ТПУ)  |b Институт физики высоких технологий (ИФВТ)  |b Кафедра общей химии и химической технологии (ОХХТ)  |3 (RuTPU)RU\TPU\col\21253 
712 0 2 |a Национальный исследовательский Томский политехнический университет (ТПУ)  |b Центр управления научно-исследовательским оборудованием (ЦУНИО)  |3 (RuTPU)RU\TPU\col\20595 
801 2 |a RU  |b 63413507  |c 20210225  |g RCR 
856 4 |u http://earchive.tpu.ru/handle/11683/23188 
856 4 |u http://www.lib.tpu.ru/fulltext/c/2015/C113/009.pdf 
942 |c BK